Introduction To Atomic Physics / (Record no. 54711)
[ view plain ]
| 000 -LEADER | |
|---|---|
| fixed length control field | 00727nam a2200241 a 4500 |
| 001 - CONTROL NUMBER | |
| control field | 54711 |
| 003 - CONTROL NUMBER IDENTIFIER | |
| rucl marc code | BD-RjUL |
| 005 - DATE AND TIME OF LATEST TRANSACTION | |
| control field | 20211209080147.0 |
| 008 - FIXED-LENGTH DATA ELEMENTS--GENERAL INFORMATION | |
| fixed length control field | 161109s1957 nyuaf b 000 0 eng d |
| 035 ## - SYSTEM CONTROL NUMBER | |
| System control number | (BD-RjUL)54833 |
| 040 ## - CATALOGING SOURCE | |
| Original cataloging agency | MYG |
| Transcribing agency | MYG |
| Modifying agency | BD-RjUL |
| Language of cataloging | eng |
| 041 ## - LANGUAGE CODE | |
| Language code of text/sound track or separate title | eng |
| 082 04 - DEWEY DECIMAL CLASSIFICATION NUMBER | |
| Classification number | 539.7 |
| Edition number | 23 |
| Author mark and year | TOI 1957 |
| 100 1# - MAIN ENTRY--PERSONAL NAME | |
| Personal name | Tolansky, S. |
| Fuller form of name | (Samuel), |
| Dates associated with a name | 1907-1973. |
| 9 (RLIN) | 30410 |
| 245 10 - TITLE STATEMENT | |
| Title | Introduction To Atomic Physics / |
| Statement of responsibility, etc. | S Tolansky; With a foreword by Lawrence Bragg. |
| 250 ## - EDITION STATEMENT | |
| Edition statement | 4th ed. |
| 260 ## - PUBLICATION, DISTRIBUTION, ETC. (IMPRINT) | |
| Place of publication, distribution, etc. | new York : |
| Name of publisher, distributor, etc. | Longmans, |
| Date of publication, distribution, etc. | 1956 [Impression 1957]. |
| 300 ## - PHYSICAL DESCRIPTION | |
| Pagination | xiii, 435 p. : |
| Illustrations | ill. ; |
| Size | 23 cm. |
| 500 ## - GENERAL NOTE | |
| General note | Includes Index |
| 650 #0 - SUBJECT ADDED ENTRY--TOPICAL TERM | |
| Topical term or geographic name as entry element | Nuclear physics. |
| 9 (RLIN) | 30411 |
| 700 ## - ADDED ENTRY--PERSONAL NAME | |
| Personal name | Bragg, Lawrence |
| 942 ## - ADDED ENTRY ELEMENTS (KOHA) | |
| Source of classification or shelving scheme | Dewey Decimal Classification |
| Koha item type | Books |
| Lost status | Source of classification or shelving scheme | Damaged status | Not for loan | Collection code | Permanent Location | Current Location | Shelving location | Date acquired | Source of acquisition | Total Checkouts | Full call number | Date last seen | Copy number | Koha item type | Cost, normal purchase price |
|---|---|---|---|---|---|---|---|---|---|---|---|---|---|---|---|
| Dewey Decimal Classification | Non-fiction | Central Library, University of Rajshahi | Central Library, University of Rajshahi | 27/11/1958 | colombo plan | 539.7 TOI 1957 | 09/11/2016 | C-2 | Books | ||||||
| Dewey Decimal Classification | Not For Loan | Non-fiction | Central Library, University of Rajshahi | Central Library, University of Rajshahi | Reading Room | 09/02/1963 | Zeetlinger | 539.7 TOI 1961 | 09/05/2017 | C-1 | Books | 27.06 | |||
| Dewey Decimal Classification | Non-fiction | Central Library, University of Rajshahi | Central Library, University of Rajshahi | 09/02/1963 | Zeetlinger | 539.7 TOI 1961 | 09/05/2017 | C-3 | Books | 27.06 | |||||
| Dewey Decimal Classification | Non-fiction | Central Library, University of Rajshahi | Central Library, University of Rajshahi | 08/06/1959 | British Council | 539.7 TOI 1957 | 09/05/2017 | C-4 | Books | ||||||
| Dewey Decimal Classification | Non-fiction | Central Library, University of Rajshahi | Central Library, University of Rajshahi | 09/02/1963 | Zeetlinger | 539.7 TOI 1961 | 09/05/2017 | C-5 | Books | 27.06 |